Лауреаты премии "Оскар" - Армагеддон - Statistics

General Stats
  • This quiz has been taken 52 times
    35 since last reset
  • The average score is 7 of 23
Answers on the Grid
Answers color-coded by a green-red scale on the quiz's grid according to % correct below.
Сигурни Уивер
Натали Портман
Орсон Уэллс
Деми Мур
Джей Лено
Уилл Смит
Дэвид Боуи
Роберт Дауни-младший
Саймон Пегг
Гильермо дель Торо
Рассел Кроу
Венсан Кассель
Билл Мюррей
Стивен Спилберг
Стэнли Кубрик
Бен Стиллер
Зак Галифианакис
Сильвестр Сталлоне
Джо Пеши
Кевин Смит
Юра Борисов
Робин Уильямс
Патрик Суэйзи
Стивен Содерберг
Курт Рассел
Джейсон Стейтем
Оливия Уайлд
Кристиан Бэйл
Дэнни Эльфман
Жан-Люк Годар
Джим Керри
Вин Дизель
Лиам Нисон
Дэвид Линч
Джон Карпентер
Лайза Миннелли
Дилан Моран
Крис Хемсворт
Сэм Рокуэлл
Дастин Хоффман
 
Answer Stats
Answer % Correct
Уилл Смит
70%
Стивен Спилберг
65%
Стэнли Кубрик
61%
Натали Портман
52%
Роберт Дауни-младший
43%
Рассел Кроу
43%
Гильермо дель Торо
35%
Дастин Хоффман
35%
Сигурни Уивер
30%
Орсон Уэллс
30%
Сильвестр Сталлоне
26%
Кристиан Бэйл
26%
Дэвид Линч
22%
Лайза Миннелли
22%
Билл Мюррей
17%
Джо Пеши
17%
Робин Уильямс
17%
Деми Мур
13%
Стивен Содерберг
13%
Лиам Нисон
13%
Сэм Рокуэлл
13%
Жан-Люк Годар
4%
Дэнни Эльфман
0%
No matching quizzes found
Score Distribution
Percent of People with Each Score
Percentile by Number Answered
Your Score History
You have not taken this quiz since the last reset